Chudoba detí v krajinách Európy diplomová práca

Salvato in:
Dettagli Bibliografici
Autore principale: Ryšavý, Adam
Ente Autore: Fakulta hospodárskej informatiky EU. Katedra štatistiky
Altri autori: Vojtková, Mária, 1966-
Natura: Libro
Lingua:slovacco
Pubblicazione: Bratislava 2018
Tags: Aggiungi Tag
Nessun Tag, puoi essere il primo ad aggiungerne!!

MARC

LEADER 00000nbm a2200000 4500
001 0243611
005 20181010105638.8
041 0 |a slo 
044 |a SK 
245 1 0 |a Chudoba detí v krajinách Európy  |b diplomová práca  |c Adam Ryšavý ; školiteľ: Mária Vojtková 
264 1 |a Bratislava  |c 2018 
300 |a 69 s. 
100 1 |a Ryšavý, Adam 
700 1 |a Vojtková, Mária, 1966- 
710 2 |a Fakulta hospodárskej informatiky EU. Katedra štatistiky